Ethiopia illuminated manuscripts Introd

محفوظ في:

المؤلف الرئيسي: JULES LEROY

التنسيق: كتاب

اللغة: Undetermined

منشور في: New york UNESCO 1961

سلاسل: Collection Unesco de l'art Mondial

الوسوم: إضافة وسم

لا توجد وسوم, كن أول من يضع وسما على هذه التسجيلة!

رقم الطلب: (O.S)ND3286 .E8 U5

LEADER 00660nam a2200169Ia 4500
008 221002s9999||||xx |||||||||||||| ||und||
050 4 |a (O.S)ND3286 .E8 U5 
100 1 |a JULES LEROY 
245 1 0 |a Ethiopia illuminated manuscripts Introd  
246 0 3 |a STEPHEN WRIGHT AND OTTO A Goger 
264 1 |a New york  |b UNESCO  |c 1961 
300 |a 25,(7)p  |b 32 col plates  |c 48cm 
490 0 |a  Collection Unesco de l'art Mondial 
504 |a material assembled by experts from UNESCO and the new york graphic society 
942 |2 lcc  |c BK 
952 |0 0  |1 0  |2 lcc  |4 0  |7 1  |9 43000  |a ARCE  |b ARCE  |d 2022-10-02  |l 0  |o (O.S)ND3286 .E8 U5  |p 1033197  |r 2022-10-02 00:00:00  |w 2022-10-02  |y BK 
999 |c 49556  |d 49556